| 000 | 00515cam a2200193ua 4500 | ||
|---|---|---|---|
| 001 | 11818 | ||
| 005 | 20260515114813.0 | ||
| 008 | 191109n ii |||gr||||Z||||||eng | ||
| 020 | _a9789382630005 | ||
| 040 | _cMAIN | ||
| 082 | _a371 | ||
| 100 |
_aU.Kavya Jyotsna, _eEditor. |
||
| 245 |
_aAcademic Stress and students _cEdited By U.Kavya Jyotsna |
||
| 250 | _a1st ed. | ||
| 260 |
_aJaipur: _bAadi Publications, _c2013. |
||
| 300 | _a213p. | ||
| 653 | _aSchools & their activities special education | ||
| 942 | _cBK | ||
| 999 |
_c10600 _d10600 |
||